Who won each state in 2012 - Statistics

General Stats
  • This quiz has been taken 18 times
  • The average score is 48 of 55
Answer Stats
State Candidate % Correct
Hawaii Barack Obama
100%
California Barack Obama
100%
Oregon Barack Obama
100%
Washington Barack Obama
100%
Nevada Barack Obama
100%
New Mexico Barack Obama
94%
Colorado Barack Obama
94%
Minnesota Barack Obama
94%
Iowa Barack Obama
94%
Alaska Mitt Romney
94%
Arizona Mitt Romney
94%
Texas Mitt Romney
94%
Oklahoma Mitt Romney
94%
Utah Mitt Romney
94%
Idaho Mitt Romney
94%
Montana Mitt Romney
94%
North Dakota Mitt Romney
94%
South Dakota Mitt Romney
94%
Nebraska's 1st Mitt Romney
94%
Nebraska's 2nd Mitt Romney
94%
Nebraska's 3rd Mitt Romney
94%
Nebraska Mitt Romney
94%
Kansas Mitt Romney
94%
Missouri Mitt Romney
94%
Arkansas Mitt Romney
94%
Louisiana Mitt Romney
94%
Mississippi Mitt Romney
94%
Alabama Mitt Romney
94%
Florida Barack Obama
88%
Wisconsin Barack Obama
88%
Illinois Barack Obama
88%
Noth Carolina Mitt Romney
88%
Tennessee Mitt Romney
88%
Michigan Barack Obama
81%
Virginia Barack Obama
81%
Washington D.C. Barack Obama
81%
Maryland Barack Obama
81%
Pennsylvania Barack Obama
81%
Delaware Barack Obama
81%
New York Barack Obama
81%
New Jersey Barack Obama
81%
Massachusetts Barack Obama
81%
Georgia Mitt Romney
81%
South Carolina Mitt Romney
81%
Ohio Barack Obama
75%
Rhode Island Barack Obama
75%
Connecticut Barack Obama
75%
New Hampshire Barack Obama
75%
Vermont Barack Obama
69%
Indiana Mitt Romney
69%
Kentucky Mitt Romney
69%
West Virginia Mitt Romney
69%
Maine's 1st Barack Obama
63%
Maine's 2nd Barack Obama
63%
Maine Barack Obama
63%
No matching quizzes found
Score Distribution
Percent of People with Each Score
Percentile by Number Answered
Your Score History
You have not taken this quiz